|
|
|
|
| LEADER |
02168nam a2200565 a 4500 |
| 001 |
nkc20061649876 |
| 003 |
CZ PrNK |
| 005 |
20160623173655.0 |
| 007 |
ta |
| 008 |
060404s2006 xr abe f 001 0 cze |
| 015 |
|
|
|a cnb001649876
|
| 020 |
|
|
|a 80-903482-1-1
|q (váz.)
|
| 035 |
|
|
|a (OCoLC)71295239
|
| 040 |
|
|
|a BOA001
|b cze
|d ABA001
|
| 043 |
|
|
|a e-xr---
|
| 072 |
|
7 |
|a 556
|x Hydrologie
|2 Konspekt
|9 7
|
| 080 |
|
|
|a 556.52/.53
|2 MRF
|
| 080 |
|
|
|a 628.1.03
|2 MRF
|
| 080 |
|
|
|a 628.11
|2 MRF
|
| 080 |
|
|
|a 626/628
|2 MRF
|
| 080 |
|
|
|a 556
|2 MRF
|
| 080 |
|
|
|a (437.3)
|2 MRF
|
| 080 |
|
|
|a (048.8)
|2 MRF
|
| 245 |
0 |
0 |
|a Voda v České republice /
|c editoři Jan Němec, Josef Hladný ; autoři textů Vladimír Blažek ... [et al.]
|
| 260 |
|
|
|a Praha :
|b Pro Ministerstvo zemědělství vydal Consult,
|c 2006
|
| 300 |
|
|
|a 253 s. :
|b barev. il., mapy, plány ;
|c 31 cm
|
| 500 |
|
|
|a Terminologický slovník
|
| 504 |
|
|
|a Obsahuje bibliografii a rejstřík
|
| 650 |
0 |
7 |
|a vodní toky
|7 ph116612
|z Česko
|2 czenas
|
| 650 |
0 |
7 |
|a vodní zdroje
|7 ph116613
|z Česko
|2 czenas
|
| 650 |
0 |
7 |
|a vodní hospodářství
|7 ph116602
|z Česko
|2 czenas
|
| 650 |
0 |
7 |
|a hydrologie
|7 ph114739
|z Česko
|2 czenas
|
| 650 |
0 |
9 |
|a water streams
|z Czechia
|2 eczenas
|
| 650 |
0 |
9 |
|a water catchment areas
|z Czechia
|2 eczenas
|
| 650 |
0 |
9 |
|a water management
|z Czechia
|2 eczenas
|
| 650 |
0 |
9 |
|a hydrology
|z Czechia
|2 eczenas
|
| 655 |
|
7 |
|a monografie
|7 fd132842
|2 czenas
|
| 655 |
|
9 |
|a monographs
|2 eczenas
|
| 700 |
1 |
|
|a Němec, Jan,
|d 1946-
|7 jn20010310104
|4 edt
|
| 700 |
1 |
|
|a Hladný, Josef,
|d 1932-
|7 jk01041149
|4 edt
|
| 700 |
1 |
|
|a Blažek, Vladimír,
|d 1953-
|7 xx0007246
|4 aut
|
| 710 |
1 |
|
|a Česko.
|b Ministerstvo zemědělství
|7 kn20010725025
|
| 856 |
4 |
1 |
|u http://www.digitalniknihovna.cz/mzk/uuid/uuid:a58c99b0-5b6f-11e4-8b11-005056827e51
|y Digitalizovaný dokument
|x NDK
|
| 910 |
2 |
|
|a BOA001
|b 4-1167.055
|
| 928 |
9 |
|
|a Consult
|
| 990 |
|
|
|a BK
|
| 995 |
|
|
|a 01
|
| 991 |
|
|
|b 200604
|c NOV
|
| 996 |
6 |
|
|b 2610277260
|c 4-1167.055
|l MZK
|r Sklad / do 1 hodiny
|n 14
|p p.v.
|w 000813349
|u 000010
|a 1
|e BOA001
|j MZK50
|s P
|
| 996 |
7 |
|
|b 2610364774
|c 4-1167.055
|l Vol.výběr
|r VV 0p
|n 50
|p kup
|h 556 VOD
|w 000813349
|u 000020
|a 0
|e BOA001
|j MZK50
|s A
|